00566nam a2200193Ia 4500003000900000008004100009020001800050040001600068080001600084100001700100245010400117260003900221300001600260650001200276650002100288650002100309700002200330700002000352IN-BaIIA211028s9999 xx 000 0 eng d a0-04-900022-5 cIIA Library a94bHIS-3.1 aWiet, Gaston 4aThe great medieval civilizations introductionbpt. 1cJean Devisse, Betty Meggers, and Roger Green. aLondonbGeorge Allen & Unwinc1975 axvii, 476p. aHistory aMedieval history aOthers thesaurus aElisseeff, Vadime aWolff, Philippe